000 00531nam a22001937a 4500
003 OSt
005 20140310181915.0
008 130716t xxu||||| |||| 00| 0 eng d
050 _aPE 1121
_b.Sp732 1999
082 _bSch6 1999
100 _aSpache, George D.
_9820
245 _aProject achievement reading :
_bBook 7 /
_cGeorge D. and Evelyn B. Spache.
260 _aNew York :
_bScholastic,
_cc1999.
300 _a32 p. ;
_bill. ;
_c28 cm.
521 _aFaculty
541 _j1
562 _e1
942 _2lcc
_cBK-TR
_kTR
999 _c6733
_d6733